El chileno en Madrid: novela

Uloženo v:
Podrobná bibliografie
Hlavní autor: Edwards Bello, Joaquín (Autor)
Médium: Kniha
Jazyk:španělština
Vydáno: Santiago Nascimento 1928
Vydání:1a. ed
Témata:
Tagy: Přidat tag
Žádné tagy, Buďte první, kdo vytvoří štítek k tomuto záznamu!

MARC

LEADER 00000cam a2200000 a 4500
001 UCD1490
003 CL-VaPUC
008 160310e19280000cl |||||||||||||||||spa|d
082 0 4 |a Ch863  |b EDW  |2 21 
100 0 |a Edwards Bello, Joaquín  |e author  |9 344236 
245 1 3 |a El chileno en Madrid: novela 
250 |a 1a. ed 
300 |a 285 p 
942 |c BK 
945 |d 20160310 23:10:00  |a dcastane 
260 |a Santiago  |b Nascimento  |c 1928 
650 0 |a Novelas chilenas   |9 265425 
650 0 |a Literatura chilena   |9 308278 
583 |a last modification  |c 20160310 23:10:00  |k Rodrigo Vera 
999 |c 362791  |d 362789 
952 |0 0  |1 0  |3 erb  |4 0  |6 CH_863_000000000000000_EDW_1928  |7 0  |8 X  |9 474296  |a FDOBUD  |b FDOBUD  |e Villagrán Garnham, Jorge  |i 5217172  |o Ch863 EDW 1928  |p 5217172  |r 2019-11-24  |w 2019-11-24  |y BK_X  |z Catalogado en:20160310  |k BUD